Rebeca: un relato de filosofía para niños
সংরক্ষণ করুন:
| প্রধান লেখক: | |
|---|---|
| বিন্যাস: | গ্রন্থ |
| ভাষা: | স্প্যানিশ |
| প্রকাশিত: |
Buenos Aires
Manantial
1999
|
| সংস্করন: | 1a. ed |
| মালা: | Textos de Filosofía para Niños
|
| বিষয়গুলি: | |
| ট্যাগগুলো: |
ট্যাগ যুক্ত করুন
কোনো ট্যাগ নেই, প্রথমজন হিসাবে ট্যাগ করুন!
|
MARC
| LEADER | 00000cam a2200000 a 4500 | ||
|---|---|---|---|
| 001 | UCN1797 | ||
| 003 | CL-VaPUC | ||
| 008 | 010504e19990000AG |||||||||||||||||spa|d | ||
| 020 | |a 9789875000292 | ||
| 082 | 0 | 4 | |a 808.0683 |b REE |2 21 |
| 100 | 0 | |a Reed, Ronald |e author |9 457143 | |
| 245 | 1 | 0 | |a Rebeca: un relato de filosofía para niños |
| 250 | |a 1a. ed | ||
| 300 | |a 93 p | ||
| 942 | |c BK | ||
| 945 | |d 20010504 00:00:00 |a cmena | ||
| 260 | |a Buenos Aires |b Manantial |c 1999 | ||
| 650 | 0 | |a Literatura infantil |9 307465 | |
| 650 | 7 | |a FILOSOFIA PARA NIÑOS |2 CL-VaPUC |9 457144 | |
| 583 | |a last modification |c 20120726 05:22:37 |k Rodrigo Vera | ||
| 490 | 0 | |a Textos de Filosofía para Niños | |
| 999 | |c 295022 |d 295020 | ||
| 952 | |0 0 |1 0 |4 0 |6 808_068300000000000_REE_1999 |7 0 |8 A |9 347879 |a BIBEDU |b BIBEDU |d 2019-11-20 |i 3549585 |o 808.0683 REE 1999 |p 3549585 |r 2019-11-20 |w 2019-11-20 |y BK |k EPE | ||
| 952 | |0 0 |1 0 |4 0 |6 808_068300000000000_REE_1999 |7 0 |8 A |9 347880 |a BIBEDU |b BIBEDU |d 2019-11-20 |i 4884515 |o 808.0683 REE 1999 |p 4884515 |r 2019-11-20 |w 2019-11-20 |y BK |k FIL | ||
| 952 | |0 0 |1 0 |4 0 |6 808_068300000000000_REE_1999 |7 0 |8 A |9 347881 |a BIBEDU |b BIBEDU |d 2019-11-20 |i 4961773 |o 808.0683 REE 1999 |p 4961773 |r 2019-11-20 |w 2019-11-20 |y BK |k PAR | ||